Представление документа в формате RUSMARC

ПолеНазваниеЗначение
  Тип записи a
  Библиографический уровень a
001 Контрольный номер UONB/MAIN/58d62962d24d4002beffd9e2765f0419
005 Дата корректировки 20260512120615.2
100 Данные общей обработки __
a Данные общей обработки 20260512 ||| 0rusy0189 ca
101 Язык документа 0_
a Язык текста rus
102 Страна публикации __
a Страна публикации RU
200 Заглавие и сведения об ответственности 1_
a Заглавие Долгий путь в большое небо
f Первые сведения об ответственности О. Злотникова
203 Вид содержания и тип средства __
a Вид содержания Текст
b Характеристика содержания визуальный
c Тип средства непосредственный
330 Аннотация __
a Аннотация История создания ульяновской военной авиационной школы пилотов.
461 Уровень набора _0
1 2000
a Народная газета
463 Уровень физической единицы _0
1 2000
a № 18 (644) (6 мая)
v С. 12
1 2101
d 2026
1 001UONB/MAIN/74928f62ccab4894b222668b3b6ca048
610 Ключевые слова 0_
a Ключевые слова летчики; военные школы; летные школы; участники Великой Отечественной войны; военные летчики
686 Индексы других классификаций __
a Классификационный индекс 63.372.2
700 Автор _1
a Фамилия Злотникова
b Имя (инициалы) О.
g Полное личное имя Олеся
801 Источник записи _0
a Страна RU
b Организация Ульяновская ОНБ
c Дата составления 20260512
g Правила каталогизации RCR
801 Источник записи _1
a Страна RU
b Организация Ульяновская ОНБ
c Дата составления 20260512
g Правила каталогизации RCR
901 Тип документа __
t Тип документа f
w Контрольный № источника UONB/MAIN/74928f62ccab4894b222668b3b6ca048
909 Создатель записи __
a Создатель записи Елягина
b Дата создания записи 20260512
910 Корректоры записи __
a Корректор записи Елягина